Catálogo
 En Linea

Entre la alianza y la confrontación : (Registro nro. 39276)

Detalles MARC
000 -CABECERA
campo de control de longitud fija 00711nam a2200181 a 4500
001 - NÚMERO DE CONTROL
campo de control 000039786
005 - FECHA Y HORA DE LA ÚLTIMA TRANSACCIÓN
campo de control 20201002033731.0
008 - DATOS DE LONGITUD FIJA--INFORMACIÓN GENERAL
campo de control de longitud fija 130719s2010 pe 000 0 spa d
020 ## - NÚMERO INTERNACIONAL ESTÁNDAR DEL LIBRO
Número Internacional Estándar del Libro 9789995413385
040 ## - FUENTE DE LA CATALOGACIÓN
Centro catalogador/agencia de origen DO-SdBNP
Lengua de catalogación spa
Centro/agencia transcriptor BNPHU
082 ## - NÚMERO DE LA CLASIFICACIÓN DECIMAL DEWEY
Número de clasificación xxx
100 1# - ENTRADA PRINCIPAL--NOMBRE DE PERSONA
Nombre de persona Mendieta, Pilar
9 (RLIN) 65982
245 10 - MENCIÓN DE TÍTULO
Título Entre la alianza y la confrontación :
Resto del título Pablo Zárate Willka y la rebelión indígena de 1899 en Bolivia /
Mención de responsabilidad, etc. Pilar Mendieta.
260 ## - PUBLICACIÓN, DISTRIBUCIÓN, ETC.
Lugar de publicación, distribución, etc. La Paz, Bolivia :
Nombre del editor, distribuidor, etc. Plural Editores,
-- Instituto Francés de Estudios Andinos,
Fecha de publicación, distribución, etc. 2010.
300 ## - DESCRIPCIÓN FÍSICA
Extensión 331 p. ;
Dimensiones 25 cm.
490 1# - MENCIÓN DE SERIE
Mención de serie Travaux de l´Institut français d´Études Andines
Designación de volumen o secuencia 285
830 #0 - PUNTO DE ACCESO ADICIONAL DE SERIE-TÍTULO UNIFORME
Título uniforme Travaux de l´Institut français d´Études Andines
Designación de volumen o secuencia 285
9 (RLIN) 65983
Existencias
Estado de retiro Estado de pérdida Restricciones de uso No para préstamo Código de colección Localización permanente Ubicación/localización actual Ubicación en estantería Fecha de adquisición Número de inventario Total de préstamos Signatura topográfica completa Código de barras Fecha visto por última vez Precio válido a partir de Tipo de ítem Koha
      Excluido de préstamo Monografías: Libros y Folletos General General En catalogación 19.07.2013 LF1   xxx 39786-10 25.06.2020 25.06.2020 No se presta

Con tecnología Koha